|
|
|
|
| LEADER |
00000cam a2200000 a 4500 |
| 001 |
vtls008387199 |
| 003 |
SK-MaSNL |
| 005 |
20260302015719.0 |
| 008 |
230403s1955 xo oa gr 000 0 ukr |
| 015 |
|
|
|a SNBA19451955-008085
|
| 020 |
|
|
|q (viazané)
|
| 035 |
|
|
|a SK01SNKBKSFS20020079416
|
| 035 |
|
|
|a urn:nbn:sk:snk-am3id3p
|
| 035 |
|
|
|a urn:nbn:sk:snk-am00e404
|
| 035 |
|
|
|a F31FCDB7-475F-459C-838D-31AD09886015
|
| 035 |
|
|
|a SKM000081879
|
| 040 |
|
|
|a SNK
|b slo
|c SNK
|e AACR2
|
| 041 |
0 |
|
|a ukr
|
| 043 |
|
|
|a e-un---
|
| 044 |
|
|
|a xo
|c SK
|
| 080 |
|
|
|a 398
|2 2011
|
| 080 |
|
|
|a (437.7)
|2 2011
|
| 080 |
|
|
|a (048.8)
|2 2011
|
| 080 |
|
|
|a (0:82-84)
|2 2011
|
| 080 |
|
|
|a 398.9
|2 2011
|
| 080 |
|
|
|a 82-193.1
|2 2011
|
| 100 |
1 |
|
|a Nedzelskij, Evžen,
|d 1894-1961
|4 aut
|9 661749
|
| 245 |
1 |
0 |
|a Z ust narodu
|b (iz ust naroda) : prysliv`ja prykazky, zaklynannja, prymovky, zahadky y prypovidky Zakarpattja
|c sklav ta vstup napysav Jevhenij Nedzel's'kyj
|
| 250 |
|
|
|a Vydannja perše
|
| 260 |
|
|
|a Prjašiv
|b Vydavnyctvo Kuľtrurnoji spilky ukrajins'kych trudjaščych
|c 1955
|
| 300 |
|
|
|a 362 strán, 10 nečíslovaných strán obrazových príloh
|b fotografie, ilustrácie
|c 22 cm
|
| 366 |
|
|
|e 3000 kusov
|
| 504 |
|
|
|a Obsahuje slovník
|
| 650 |
0 |
7 |
|a ľudová slovesnosť
|2 SNKPH
|9 67005
|
| 650 |
0 |
7 |
|a monografie
|2 SNKPH
|9 256509
|
| 650 |
0 |
7 |
|a hádanky
|2 SNKPH
|9 1511
|
| 650 |
0 |
7 |
|a príslovia a porekadlá
|2 SNKPH
|9 1781
|
| 651 |
|
7 |
|a Zakarpatská Ukrajina
|2 SNKPHgeo
|9 55422
|
| 655 |
|
7 |
|a príslovia
|2 SNKPH
|9 70635
|
| 752 |
|
|
|a Slovensko
|d Prešov
|
| 852 |
|
|
|a Slovenská národná knižnica
|
| 954 |
|
|
|a beletria cudzojazyčná (svetová)
|2 lita
|
| 958 |
|
|
|a OND
|
| 958 |
|
|
|a RK
|
| 958 |
|
|
|a TL
|
| 958 |
|
|
|a UA
|
| 958 |
|
|
|a EUIPO
|
| 999 |
|
|
|c 1022313
|d 1024243
|
| 952 |
|
|
|a SNK
|b SNK
|y PREZ
|7 0
|p 17A0781723
|o snkSC 5704
|i snk599/55
|0 0
|1 0
|4 0
|d 2019-04-09
|f 1
|l 0
|r 2025-07-04 00:00:00
|w 2026-02-24
|